000 00959nas a2200337 4500
001 BR0303743
003 BR-BrBNA
005 20231205103930.0
007 ta
008 230509b bl.|||p| |||| 00| 00por d
040 _aBR-BrBNA
_bpor
_cBiblioteca Nacional de Agricultura
041 _a(Pt)
072 _aM12; L02
100 1 _aMelo, J.F.B.
100 1 _aRadünz Neto, J.
100 1 _aSilva, J.H.S. da
245 1 _aUso de diferentes fontes e níveis de lipídios na alimentação de alevinos de jundiá Rhamdia quelen
650 _aBAGRE
650 _aALEVINO
650 _aDIETA
650 _aLIPÍDIO
650 _aCRESCIMENTO
650 _aBANHA
650 _aSUÍNO
650 _aÓLEO DE SOJA
650 _aCOLZA
650 _aRIO GRANDE DO SUL
773 0 _tPesquisa Agropecuária Gaúcha (Brazil)
_xISSN 0104-9070
_g(2001), v. 7(1) p. 135-144
_wBR0303743
909 _a202311
_bLúcia
_c55
_dLúcia Elande
942 _2AGRIS
_n0
_cANA
999 _c175507
_d175507